[Event "Mittelfranken-chTB2a 1516"]
[Site "Mittelfranken"]
[Date "2016.04.03"]
[Round "8.5"]
[White "Steinmueller, Stefanie"]
[Black "Auth, Bernhard"]
[Result "1/2-1/2"]
[WhiteElo "1765"]
[BlackElo "1753"]
[PlyCount "84"]
[EventDate "2015.10.18"]
[EventType "team-tourn"]
[EventRounds "9"]
[EventCountry "GER"]
[SourceTitle "EXT 2020"]
[Source "ChessBase"]
[SourceDate "2019.10.17"]
[SourceVersion "1"]
[SourceVersionDate "2019.10.17"]
[SourceQuality "1"]
[WhiteTeam "Herzogenaurach III"]
[BlackTeam "Bad Windsheim/Ansbach"]
[WhiteTeamCountry "GER"]
[BlackTeamCountry "GER"]

1. e4 c6 2. d4 d5 3. f3 Nd7 4. Nc3 e6 5. exd5 exd5 6. Bd3 Qh4+ 7. g3 Qxd4 8. Nge2 Qf6 9. Nf4 Bb4 10. Bd2 Ne7 11. 0-0 Bc5+ 12. Kg2 h5 13. h4 Ne5 14. Be2 Qf5 15. Rh1 Bd7 16. Nd3 Nxd3 17. Bxd3 Qe6 18. Na4 Bd6 19. Qg1 f6 20. Re1 Qf7 21. Nc5 Bc8 22. c3 0-0 23. Bc2 b6 24. Nd3 Qg6 25. Qf2 Nf5 26. Bf4 Qf7 27. Bxd6 Nxd6 28. Nf4 Bf5 29. Bxf5 Nxf5 30. Qc2 Nd6 31. Re6 Nc4 32. Qf5 Ne5 33. Nxh5 Rae8 34. Rxe8 Rxe8 35. Nf4 Nc4 36. Qb1 Qe7 37. b3 Nd2 38. Qd3 Qe3 39. Qxe3 Rxe3 40. Rc1 Rxf3 41. Rc2 Rxf4 42. gxf4 Ne4 1/2-1/2

[Event "Mittelfrankenliga-B2b 0708"]
[Site "Mittelfranken"]
[Date "2008.03.02"]
[Round "7.4"]
[White "Wegmann, Wolfgang"]
[Black "Auth, Bernhard"]
[Result "0-1"]
[WhiteElo "1798"]
[BlackElo "1755"]
[PlyCount "68"]
[EventDate "2007.10.14"]
[EventType "team-tourn"]
[EventRounds "9"]
[EventCountry "GER"]
[SourceTitle "EXT 2011"]
[Source "ChessBase"]
[SourceDate "2010.11.26"]
[SourceVersion "1"]
[SourceVersionDate "2010.11.26"]
[SourceQuality "1"]
[WhiteTeam "Heideck/Hilpoltstein"]
[BlackTeam "Bad Windsheim"]
[WhiteTeamCountry "GER"]
[BlackTeamCountry "GER"]

1. e4 d5 2. exd5 Qxd5 3. Nc3 Qa5 4. d4 c6 5. Bd2 Qb6 6. Bc1 Nf6 7. Bc4 Bf5 8. Nf3 e6 9. 0-0 Bd6 10. Re1 0-0 11. Nh4 Bg4 12. Be2 Bxe2 13. Nxe2 Rd8 14. c3 c5 15. Qc2 Nbd7 16. Nf3 Rac8 17. Bg5 h6 18. Bh4 Re8 19. Rad1 cxd4 20. Nexd4 Nd5 21. Ne2 Nc5 22. Qb1 Na4 23. Rd2 Rc5 24. Nfd4 Rec8 25. Nb3 Rc4 26. Bg3 Bxg3 27. hxg3 Nf6 28. Ned4 Nc5 29. Nxc5 Qxc5 30. Red1 Nd5 31. Ne2 Rg4 32. Nf4 Rg5 33. c4 Qxc4 34. Rc2 Qxc2 0-1

[Event "Mittelfrankenliga-B2b 0708"]
[Site "Mittelfranken"]
[Date "2007.11.11"]
[Round "2.3"]
[White "Goetz, Dieter"]
[Black "Auth, Bernhard"]
[Result "1-0"]
[WhiteElo "1849"]
[BlackElo "1755"]
[PlyCount "77"]
[EventDate "2007.10.14"]
[EventType "team-tourn"]
[EventRounds "9"]
[EventCountry "GER"]
[SourceTitle "EXT 2011"]
[Source "ChessBase"]
[SourceDate "2010.11.26"]
[SourceVersion "1"]
[SourceVersionDate "2010.11.26"]
[SourceQuality "1"]
[WhiteTeam "Nuernberg SK 1911 II"]
[BlackTeam "Bad Windsheim"]
[WhiteTeamCountry "GER"]
[BlackTeamCountry "GER"]

1. c4 Nf6 2. Nc3 e6 3. e4 d5 4. e5 Nfd7 5. cxd5 exd5 6. d4 Nb6 7. Be3 Bf5 8. Bd3 Qd7 9. Nf3 Nc6 10. a3 0-0-0 11. 0-0 h6 12. Qc2 Bxd3 13. Qxd3 Nc4 14. b3 N4xe5 15. Qe2 Nxf3+ 16. Qxf3 g5 17. Qe2 Bg7 18. Rfd1 f5 19. f3 Rde8 20. Qd3 Re7 21. Bf2 Rhe8 22. Na4 Re2 23. Nc5 Qf7 24. Qb5 Nd8 25. Rac1 c6 26. Ne4 dxe4 27. Qxe2 e3 28. Be1 Kb8 29. b4 f4 30. b5 Qd7 31. a4 Bxd4 32. Rc4 Ne6 33. bxc6 bxc6 34. Bb4 Rd8 35. Bc5 Qg7 36. Bxd4 Nxd4 37. Qb2+ Ka8 38. Rcxd4 Rb8 39. Qc2 1-0